Przesądy, zabobony i legendy miejskie - Statystyki

Ogólne statystyki
  • Ten quiz został rozwiązany 312 razy
  • Średni wynik to 18 z 25
Statystyki odpowiedzi
Pytanie Odpowiedź % Poprawnych
Który dzień tygodnia zdecydowanie nie powinien wypadać trzynastego dnia miesiąca? Piątek
97%
Przebiegnięcie drogi przez to zwierze sprowadzi na Ciebie nieszczęścia. Czarny kot
96%
Zbicie, którego przedmiotu zagwarantuje 7 letnią klątwę nieszczęścia? Lustro
94%
Wstanie z łóżka którą kończyną zagwarantuje pechowy dzień i zły humor? Lewa noga
92%
Gdy wręczasz komuś kwiaty pamiętaj by ich liczba była..... Nieparzysta
92%
Cztery liście na jakiej roślinie zagwarantują jej znalazcy szczęście? Koniczyna
91%
Którego dnia zwierzęta przemawiają ludzkim głosem? 24 Grudzień
87%
Jaką nazwę nosi substancja, której rozsypanie ma zwiastować nieszczęście i kłótnie? Sól
82%
Zobaczenie jakiego obiektu na nocnym niebie oznacza, że wypowiedziane wtedy życzenie się spełni? Spadająca gwiazda
81%
Posiadanie, lub powieszenie jakiego wyrobu kowalskiego zagwarantuje nam szczęście? Podkowa
80%
Jakiego zawodu musi być człowiek, którego zobaczenie może przynieść nam szczęście? Kominiarz
77%
Jakiej marki był czarny samochód za pomocą którego porywano dzieci w PRL? Wołga
76%
Który produkt spożywczy po zjedzeniu przylepi do żołądka i nigdy nie strawi? Guma do żucia
74%
W jakie drewno należy "odpukać" by nie sprawdzić na siebie nieszczęścia? Niemalowane
74%
Niski lot którego ptaka ma zwiastować nadejście deszczu? Jaskółka
72%
Odpalenie jakiej ilości papierosów jedną zapałką, przyniesie pech? Trzy
66%
Co należy zrobić przez lewe ramię aby odpędzić wszelkie klątwy i nieszczęścia? Splunąć
58%
Jakie imię należy wypowiedzieć przed lustrem w nocy ze świecą w ręku by przywołać ducha? Mary
56%
Jaki niebezpieczny dziki kot, grasował po polskich lasach latem 2008 roku? Puma
51%
Położenie jakiego przedmiotu (części garderoby) na ziemi lub podłodze zagwarantuje szybki odpływ gotówki? Torebka
46%
Jaką grupę etniczną oskarżano o porywanie i picie krwi dzieci w Polsce? Żydzi
46%
Jaką nazwę nosi demon/stworzenie chcące Cię utopić w studni? Utopiec
43%
Otwarcie Jakiego przedmiotu w domu lub innym zadaszonym pomieszczeniu, przyniesie pech? Parasol
42%
Podarowanie której części garderoby sprowadzi tą osobę niesczeźnięcie? Buty/Zegarek
41%
Zabicie jakiego zwierzęcia sprawi natychmiastowe pogorszenie się pogody? Pająk
40%
Nie znaleziono quizów pasujących do podanych kryteriów
Rozkład punktacji
Procent ludzi z każdym wynikiem
Percentyl według liczby udzielonych odpowiedzi
Twoja historia wyników
Nie rozwiązałeś tego quizu